Science Quiz

Random Science or Letter Quiz

Non-Mammals Starting with Co-Cu Quiz Stats

 Plays Quiz not verified by Sporcle

Score 0/10 Timer 08:00
1 Play Today
% Correct
Crab
96.1%
Cobra
95.3%
Coral
94.5%
Crocodile
94.5%
Crow
93.7%
Cockatoo
92.9%
Cockroach
89%
Cuttlefish
70.9%
Condor
59.1%
Crane
35.4%

You're not logged in!

Compare scores with friends on all Sporcle quizzes.
OR
Log In

Show Comments

Extras

Top Quizzes Today


Score Distribution

Your Account Isn't Verified!

In order to create a playlist on Sporcle, you need to verify the email address you used during registration. Go to your Sporcle Settings to finish the process.

Report this User

Report this user for behavior that violates our Community Guidelines.

Details: